000 00514 a2200193 4500
003 sjds
005 20240309203503.0
008 240309b |||||||| |||| 00| 0 spa d
020 _a9788449432361
020 _a8449432367
040 _csjds
041 _aspa
100 _aHernandez, Miguel Jimenez
245 1 3 _aLa alfombra magica /
_cMiguel Jimenez Hernandez
246 _aLa alfombra magica /
260 _a[Mexioc?] :
_bOceano De Mexico
_c2006
300 _a41 pages :
_bcolor illustrations
942 _cBK
999 _c29252
_d29250